00321nam a2200121Ia 4500008004100000041000800041082001500049100001300064245003000077260005100107300003000158365001100188240624s9999 xx 000 0 und d aeng a344.01 PUR aPURI S D aPAYMENT OF BONUS ACT 1965 c2008aMumbaibSnow White Publication Pvt. Ltd. axxx, : 46 : p. : cm. ; 24 cRSb15